| 000 | 00848nam a22002177a 4500 | ||
|---|---|---|---|
| 003 | OSt | ||
| 005 | 20260311081551.0 | ||
| 008 | 260311b |||||||| |||| 00| 0 eng d | ||
| 020 | _a0-448-08906-8 | ||
| 040 |
_aDWCL GS lib _cOC |
||
| 082 | _aD621p 2008 | ||
| 100 | _aDixon Franklin W. | ||
| 245 |
_aThe Shore Road Mystery _cFranklin W. Dixon |
||
| 260 |
_aCanada _bFranklin W. Dixon _c1947 |
||
| 300 |
_a178 p. _billustrations _c19cm |
||
| 520 | _aFrank and Joe Hardy investigate a smuggling ring using a mysterious ship to transport contraband like counterfeit documents and illegal cargo. | ||
| 650 | _ademonstrate a "never give up" attitude while investigating a smuggling ring. | ||
| 650 | _apersistence, bravery, and teamwork can overcome even the most daunting, dangerous obstacles. | ||
| 700 | _aFranklin W. Dixon | ||
| 942 |
_2ddc _cFIC. _n0 |
||
| 999 |
_c8964 _d8964 |
||